[Event "Titled Tuesday intern op 04th Jan"]
[Site "Chess.com INT"]
[Date "2022.01.04"]
[Round "2"]
[White "Le, Tuan Minh"]
[Black "Zhuravleva, Olga"]
[Result "1-0"]
[WhiteElo "2514"]
[BlackElo "2278"]
[PlyCount "69"]
[EventDate "2022.01.04"]
[EventType "swiss (blitz)"]
[EventRounds "11"]
[EventCountry "USA"]
[SourceTitle "EXT 2023"]
[Source "ChessBase"]
[SourceDate "2022.10.05"]
[SourceVersion "1"]
[SourceVersionDate "2022.10.05"]
[SourceQuality "1"]

1. d4 Nf6 2. Nf3 e6 3. Bf4 b6 4. e3 Bb7 5. Bd3 Be7 6. 0-0 0-0 7. Nbd2 h6 8. h3 d6 9. c3 Nbd7 10. Qe2 c5 11. Bh2 Re8 12. a4 a6 13. e4 Qc7 14. e5 dxe5 15. dxe5 Nd5 16. Rfe1 Nf8 17. Ne4 Qc6 18. Nd6 Red8 19. Nxb7 Qxb7 20. Be4 Qc7 21. c4 Nb4 22. Bxa8 Rxa8 23. Rad1 Rd8 24. Rxd8 Bxd8 25. Rd1 Be7 26. Qe4 Ng6 27. Bg3 Nc6 28. b3 Na5 29. Qa8+ Kh7 30. Qe8 Qc6 31. Qxf7 Qe4 32. h4 Bxh4 33. Rd7 Qb1+ 34. Kh2 Bxg3+ 35. fxg3 1-0

[Event "Titled Tuesday intern op 28th Dec"]
[Site "Chess.com INT"]
[Date "2021.12.28"]
[Round "3"]
[White "Hardaway, Brewington"]
[Black "Zhuravleva, Olga"]
[Result "1-0"]
[WhiteElo "2207"]
[BlackElo "2278"]
[PlyCount "99"]
[EventDate "2021.12.28"]
[EventType "swiss (blitz)"]
[EventRounds "11"]
[EventCountry "USA"]
[SourceTitle "CBM 206 Extra"]
[Source "ChessBase"]
[SourceDate "2022.03.31"]
[SourceVersion "1"]
[SourceVersionDate "2022.03.31"]
[SourceQuality "1"]

1. e4 e5 2. Nf3 Nc6 3. Bb5 f5 4. d3 Nf6 5. Nc3 Bc5 6. Bc4 d6 7. Be3 Nd4 8. a3 c6 9. Qd2 Nxf3+ 10. gxf3 f4 11. Bxc5 dxc5 12. Rg1 Qe7 13. Ne2 Bd7 14. Qa5 b6 15. Qc3 0-0-0 16. a4 a5 17. Nc1 Kb7 18. Nb3 g6 19. Ra3 Ne8 20. Nxa5+ bxa5 21. Rb3+ Kc7 22. Qxa5+ Kd6 23. Rc3 Nc7 24. b4 cxb4 25. Qxb4+ c5 26. Qb6+ Bc6 27. Bb5 Nxb5 28. Qxc5+ Kc7 29. Qxc6+ Kb8 30. Qxb5+ Qb7 31. Ke2 Qxb5 32. axb5 Rd7 33. Rb1 Rb7 34. Rc5 Re8 35. c4 Re6 36. Rb2 Ka7 37. Kd2 Kb6 38. Rd5 Ra7 39. c5+ Kb7 40. Rd7+ Kb8 41. Rxa7 Kxa7 42. b6+ Kb7 43. Kc3 Rc6 44. Kc4 g5 45. Kb5 h5 46. Ra2 Rh6 47. Ra7+ Kb8 48. c6 g4 49. Rf7 g3 50. Rf8# 1-0

[Event "Titled Tuesday intern op 28th Dec"]
[Site "Chess.com INT"]
[Date "2021.12.28"]
[Round "5"]
[White "Sailer, Mike L"]
[Black "Zhuravleva, Olga"]
[Result "1-0"]
[WhiteElo "2109"]
[BlackElo "2278"]
[PlyCount "57"]
[EventDate "2021.12.28"]
[EventType "swiss (blitz)"]
[EventRounds "11"]
[EventCountry "USA"]
[SourceTitle "CBM 206 Extra"]
[Source "ChessBase"]
[SourceDate "2022.03.31"]
[SourceVersion "1"]
[SourceVersionDate "2022.03.31"]
[SourceQuality "1"]

1. d4 Nf6 2. Nf3 e6 3. Bf4 b6 4. e3 Bb7 5. Be2 Be7 6. 0-0 0-0 7. c4 d6 8. Nc3 Nbd7 9. h3 Re8 10. a4 Bf8 11. a5 bxa5 12. Rxa5 c5 13. Qa1 cxd4 14. exd4 a6 15. Qa2 h6 16. Ra1 Qc8 17. Nd2 e5 18. Be3 exd4 19. Bxd4 Ne5 20. Bf1 Nh5 21. Nd5 Nc6 22. Nb6 Qd8 23. Nxa8 Nf4 24. Be3 Nxa5 25. Qxa5 Qf6 26. Bxf4 Qxf4 27. Nc7 Re5 28. Nd5 Qxd2 29. Qxd2 1-0

[Event "Titled Tuesday intern op 28th Dec"]
[Site "Chess.com INT"]
[Date "2021.12.28"]
[Round "1"]
[White "Zhuravleva, Olga"]
[Black "Ivanisevic, Ivan"]
[Result "1-0"]
[WhiteElo "2278"]
[BlackElo "2599"]
[PlyCount "29"]
[EventDate "2021.12.28"]
[EventType "swiss (blitz)"]
[EventRounds "11"]
[EventCountry "USA"]
[SourceTitle "CBM 206 Extra"]
[Source "ChessBase"]
[SourceDate "2022.03.31"]
[SourceVersion "1"]
[SourceVersionDate "2022.03.31"]
[SourceQuality "1"]

1. e4 e5 2. Nf3 Nc6 3. Bc4 Nf6 4. Ng5 d5 5. exd5 Na5 6. Bb5+ c6 7. dxc6 bxc6 8. Be2 h6 9. Nf3 e4 10. Ne5 Bd6 11. f4 Nd5 12. 0-0 Nxf4 13. Rxf4 Bxe5 14. Rxe4 Qd5 15. Nc3 1-0

[Event "Motiva Online Blitz (Women)"]
[Site "Chess.com INT"]
[Date "2021.12.18"]
[Round "3"]
[White "Dobrynina, Aleksandra"]
[Black "Zhuravleva, Olga"]
[Result "1/2-1/2"]
[WhiteElo "2041"]
[BlackElo "2278"]
[PlyCount "82"]
[EventDate "2021.12.18"]
[EventType "swiss (blitz)"]
[EventRounds "13"]
[EventCountry "USA"]
[SourceTitle "CBM 205 Extra"]
[Source "ChessBase"]
[SourceDate "2022.01.31"]
[SourceVersion "1"]
[SourceVersionDate "2022.01.31"]
[SourceQuality "1"]

1. d4 Nf6 2. c4 e6 3. Nf3 b6 4. g3 Bb7 5. Bg2 Bb4+ 6. Bd2 c5 7. 0-0 0-0 8. Qc2 Na6 9. a3 Bxd2 10. Qxd2 cxd4 11. Qxd4 Rc8 12. Nc3 Nc5 13. Rad1 d5 14. cxd5 Nxd5 15. Nxd5 Bxd5 16. Qf4 Qf6 17. Qxf6 gxf6 18. Nd4 Rfd8 19. Nb5 a6 20. Nc3 Bb3 21. Rxd8+ Rxd8 22. Nb1 Na4 23. Nc3 Nxc3 24. bxc3 Rd2 25. Rb1 Bc4 26. e3 b5 27. Bf1 Bxf1 28. Kxf1 Rc2 29. a4 Kf8 30. axb5 axb5 31. Rxb5 Rxc3 32. Rb8+ Kg7 33. Ke2 Rc2+ 34. Kf3 f5 35. Rb4 Kf6 36. h4 h5 37. Ra4 Rc6 38. Rb4 Kg6 39. Ra4 Kf6 40. Rb4 Kg6 41. Ra4 Kf6 1/2-1/2

[Event "Motiva Online Blitz (Women)"]
[Site "Chess.com INT"]
[Date "2021.12.18"]
[Round "11"]
[White "Fominykh, Maria"]
[Black "Zhuravleva, Olga"]
[Result "1-0"]
[WhiteElo "2206"]
[BlackElo "2278"]
[PlyCount "91"]
[EventDate "2021.12.18"]
[EventType "swiss (blitz)"]
[EventRounds "13"]
[EventCountry "USA"]
[SourceTitle "CBM 205 Extra"]
[Source "ChessBase"]
[SourceDate "2022.01.31"]
[SourceVersion "1"]
[SourceVersionDate "2022.01.31"]
[SourceQuality "1"]

1. d4 Nf6 2. c4 e6 3. Nf3 b6 4. Nc3 Bb7 5. e3 Be7 6. Be2 0-0 7. 0-0 d6 8. Qc2 c5 9. Rd1 Nbd7 10. d5 e5 11. e4 a6 12. Ne1 Re8 13. Be3 Bf8 14. f3 g6 15. Nd3 Bg7 16. a3 Rc8 17. Rab1 Nh5 18. b4 cxb4 19. Nxb4 Nc5 20. g3 Qd7 21. Nba2 Qc7 22. Qb2 b5 23. cxb5 a5 24. b6 Qe7 25. Nb5 f5 26. Nc7 Rf8 27. Bxc5 dxc5 28. d6 Qg5 29. Bc4+ Kh8 30. Ne6 Qe3+ 31. Qf2 Qxf2+ 32. Kxf2 fxe4 33. Nxf8 Rxf8 34. d7 Bf6 35. fxe4 Bxe4 36. Rb5 Bc6 37. Rxa5 Bd8+ 38. Ke3 Nf6 39. Ra6 Nxd7 40. b7 Bxb7 41. Rxd7 Bxa6 42. Bxa6 Bg5+ 43. Ke4 Rf2 44. Nc3 Rc2 45. Nd5 Re2+ 46. Bxe2 1-0

[Event "Motiva Online Blitz (Women)"]
[Site "Chess.com INT"]
[Date "2021.12.18"]
[Round "9"]
[White "Poliakova, Varvara"]
[Black "Zhuravleva, Olga"]
[Result "1-0"]
[WhiteElo "2116"]
[BlackElo "2278"]
[PlyCount "93"]
[EventDate "2021.12.18"]
[EventType "swiss (blitz)"]
[EventRounds "13"]
[EventCountry "USA"]
[SourceTitle "CBM 205 Extra"]
[Source "ChessBase"]
[SourceDate "2022.01.31"]
[SourceVersion "1"]
[SourceVersionDate "2022.01.31"]
[SourceQuality "1"]

1. e4 e5 2. Nf3 Nc6 3. Bc4 Nf6 4. d3 d5 5. exd5 Nxd5 6. 0-0 Bc5 7. Re1 0-0 8. Bg5 f6 9. Bh4 Kh8 10. Nxe5 Nb6 11. Nxc6 bxc6 12. Bb3 Qd4 13. Bg3 Qxb2 14. Nd2 Qd4 15. Qf3 Nd5 16. Ne4 Bb4 17. Rf1 Qb6 18. a3 Be7 19. h3 Be6 20. Rfe1 Rae8 21. Nd2 Bf7 22. Nc4 Qb8 23. Kh2 Qd8 24. Na5 Bd6 25. Nxc6 Bxg3+ 26. Qxg3 Qd7 27. Na5 Nc3 28. Bxf7 Qxf7 29. Nc4 h6 30. Qf3 Qd7 31. g3 Qa4 32. Ne3 Re5 33. Qf4 Rfe8 34. Qxa4 Nxa4 35. Kg2 Nc3 36. Kf3 g5 37. g4 Kg8 38. Kg2 Nd5 39. Kf3 Nf4 40. h4 Kf7 41. hxg5 fxg5 42. Reb1 Kg6 43. Rb7 R8e7 44. Rab1 Ne6 45. Ke2 Nd4+ 46. Kd2 Rf7 47. Rf1 1-0

[Event "Motiva Online Blitz (Women)"]
[Site "Chess.com INT"]
[Date "2021.12.18"]
[Round "10"]
[White "Zhuravleva, Olga"]
[Black "Michelle, Catherina P"]
[Result "1-0"]
[WhiteElo "2278"]
[BlackElo "2176"]
[PlyCount "77"]
[EventDate "2021.12.18"]
[EventType "swiss (blitz)"]
[EventRounds "13"]
[EventCountry "USA"]
[SourceTitle "CBM 205 Extra"]
[Source "ChessBase"]
[SourceDate "2022.01.31"]
[SourceVersion "1"]
[SourceVersionDate "2022.01.31"]
[SourceQuality "1"]

1. e4 e5 2. Nf3 Nc6 3. Bc4 Nf6 4. Ng5 d5 5. exd5 Na5 6. Bb5+ c6 7. dxc6 bxc6 8. Be2 h6 9. Nf3 e4 10. Ne5 Bc5 11. c3 Bd6 12. f4 Qc7 13. 0-0 0-0 14. d4 exd3 15. Qxd3 Be6 16. Nd2 Rad8 17. Qg3 Rfe8 18. Kh1 Kh8 19. Ndf3 Ne4 20. Qe1 f6 21. Ng6+ Kh7 22. Nfh4 Bf7 23. Bd3 f5 24. Bxe4 Rxe4 25. Qg3 Rde8 26. b3 c5 27. c4 Nc6 28. Bb2 Nd4 29. Bxd4 cxd4 30. h3 Re3 31. Rf3 Rxf3 32. gxf3 Re2 33. Rg1 Be8 34. Nxf5 d3 35. Ne5 Bxe5 36. fxe5 g6 37. Nd6 d2 38. Nxe8 Qf7 39. Nf6+ 1-0

[Event "Titled Tuesday intern op 14th Dec"]
[Site "Chess.com INT"]
[Date "2021.12.14"]
[Round "1"]
[White "Efimenko, Zahar"]
[Black "Zhuravleva, Olga"]
[Result "1-0"]
[WhiteElo "2597"]
[BlackElo "2278"]
[PlyCount "67"]
[EventDate "2021.12.14"]
[EventType "swiss (blitz)"]
[EventRounds "11"]
[EventCountry "USA"]
[SourceTitle "EXT 2023"]
[Source "ChessBase"]
[SourceDate "2022.10.05"]
[SourceVersion "1"]
[SourceVersionDate "2022.10.05"]
[SourceQuality "1"]

1. e4 e5 2. Nf3 Nc6 3. Bb5 f5 4. Nc3 Nf6 5. exf5 Bc5 6. d3 0-0 7. Bg5 d6 8. Ne4 Bb6 9. Ng3 Kh8 10. 0-0 Nd4 11. Nxd4 exd4 12. Ba4 c6 13. c4 Qe8 14. Re1 Qf7 15. Qf3 h6 16. Bd2 Nd7 17. Ne4 Bc7 18. Qg3 Nb6 19. Bb3 Qxf5 20. Re2 Be6 21. Nxd6 Qf6 22. c5 Nd5 23. Rae1 Bg8 24. Kh1 Rad8 25. Qg4 Bxd6 26. cxd6 Rxd6 27. f3 Rdd8 28. Re4 Bh7 29. Rxd4 Bf5 30. Qh4 g5 31. Qf2 c5 32. Rxd5 Rxd5 33. Bxd5 Bxd3 34. Bc3 1-0

[Event "Titled Tuesday intern op 14th Dec"]
[Site "Chess.com INT"]
[Date "2021.12.14"]
[Round "4"]
[White "Piliczewski, Bogusz"]
[Black "Zhuravleva, Olga"]
[Result "0-1"]
[WhiteElo "1938"]
[BlackElo "2278"]
[PlyCount "104"]
[EventDate "2021.12.14"]
[EventType "swiss (blitz)"]
[EventRounds "11"]
[EventCountry "USA"]
[SourceTitle "EXT 2023"]
[Source "ChessBase"]
[SourceDate "2022.10.05"]
[SourceVersion "1"]
[SourceVersionDate "2022.10.05"]
[SourceQuality "1"]

1. d4 Nf6 2. Nf3 e6 3. Bf4 b6 4. e3 Bb7 5. Be2 Be7 6. h3 0-0 7. 0-0 c5 8. c3 d6 9. Nbd2 Nbd7 10. a4 a6 11. Bh2 Rc8 12. Rc1 Re8 13. b4 cxb4 14. cxb4 Rxc1 15. Qxc1 Qa8 16. Qb1 Ne4 17. Qb2 Ndf6 18. Rc1 Rc8 19. Nxe4 Nxe4 20. Ne1 h6 21. Bf3 d5 22. Rc7 Bd8 23. Rxc8 Qxc8 24. Bxe4 dxe4 25. Qc2 Qxc2 26. Nxc2 Bd5 27. Na1 Be7 28. Bc7 Bxb4 29. Bxb6 Bc6 30. a5 Ba4 31. f3 f5 32. fxe4 fxe4 33. d5 exd5 34. Kf2 Bc3 35. Bd4 Bxa5 36. Kg3 Bc7+ 37. Kg4 Kf7 38. h4 g6 39. Kh3 Bd7+ 40. g4 h5 41. Nb3 Bxg4+ 42. Kg2 Be2 43. Kf2 Bc4 44. Nd2 Bb5 45. Bc3 a5 46. Nb3 a4 47. Nd4 Bd7 48. Bb4 Bd8 49. Ne2 Bxh4+ 50. Kg2 Be7 51. Bc3 a3 52. Nf4 Bc6 0-1

[Event "Titled Tuesday intern op 14th Dec"]
[Site "Chess.com INT"]
[Date "2021.12.14"]
[Round "6"]
[White "Zhuravleva, Olga"]
[Black "Golubka, Petr"]
[Result "0-1"]
[WhiteElo "2278"]
[BlackElo "2408"]
[PlyCount "98"]
[EventDate "2021.12.14"]
[EventType "swiss (blitz)"]
[EventRounds "11"]
[EventCountry "USA"]
[SourceTitle "EXT 2023"]
[Source "ChessBase"]
[SourceDate "2022.10.05"]
[SourceVersion "1"]
[SourceVersionDate "2022.10.05"]
[SourceQuality "1"]

1. e4 c5 2. Nf3 d6 3. d4 cxd4 4. Nxd4 Nf6 5. Nc3 a6 6. Bd3 e6 7. 0-0 Be7 8. Kh1 0-0 9. f4 Nc6 10. Nb3 b5 11. a3 Bb7 12. Qf3 b4 13. axb4 Nxb4 14. Bd2 Nc6 15. Qh3 g6 16. Rae1 Bc8 17. Qg3 Nh5 18. Qf3 Bd7 19. Bc1 Nb4 20. Nd4 Bf6 21. e5 dxe5 22. fxe5 Be7 23. Bh6 Ng7 24. Ne4 Nxd3 25. cxd3 Nf5 26. Nxf5 exf5 27. Nf6+ Bxf6 28. exf6 Qxf6 29. Bxf8 Rxf8 30. Qb7 Bb5 31. Re3 Qxb2 32. h3 Qd4 33. Qf3 Kg7 34. Rfe1 Rd8 35. Rd1 h5 36. Qe2 Bc6 37. Rg3 Qf4 38. Re3 Rd4 39. Rf1 Qd6 40. Kg1 a5 41. Qb2 f4 42. Re7 Kf8 43. Ra7 f3 44. Qf2 Rxd3 45. Rxa5 Rd2 46. Qc5 Rxg2+ 47. Kh1 Rh2+ 48. Kg1 f2+ 49. Rxf2 Rh1# 0-1

[Event "Titled Tuesday intern op 14th Dec"]
[Site "Chess.com INT"]
[Date "2021.12.14"]
[Round "5"]
[White "Zivkovic, Nemanja"]
[Black "Zhuravleva, Olga"]
[Result "1-0"]
[WhiteElo "2380"]
[BlackElo "2278"]
[PlyCount "77"]
[EventDate "2021.12.14"]
[EventType "swiss (blitz)"]
[EventRounds "11"]
[EventCountry "USA"]
[SourceTitle "EXT 2023"]
[Source "ChessBase"]
[SourceDate "2022.10.05"]
[SourceVersion "1"]
[SourceVersionDate "2022.10.05"]
[SourceQuality "1"]

1. c4 e5 2. Nc3 Nf6 3. g3 d5 4. cxd5 Nxd5 5. Bg2 Nb6 6. Nf3 Nc6 7. 0-0 Be7 8. d3 0-0 9. a3 Re8 10. b4 Bf8 11. Bb2 Bg4 12. Rc1 Nd4 13. Nd2 c6 14. Re1 f5 15. h3 Bh5 16. g4 fxg4 17. e3 Nf3+ 18. Nxf3 gxf3 19. Bxf3 Bxf3 20. Qxf3 Qxd3 21. Ne4 Qd5 22. Red1 Qe6 23. b5 h6 24. bxc6 bxc6 25. Nc5 Bxc5 26. Rxc5 Nd5 27. e4 Nf4 28. Rxe5 Qg6+ 29. Kh2 Rf8 30. Rg1 Qf7 31. Rf5 Qa2 32. Bxg7 Rxf5 33. exf5 Ne2 34. Rg6 Rf8 35. Bxf8+ Kxf8 36. Qe3 Nd4 37. Qxh6+ Ke8 38. Qe3+ Kf7 39. Qxd4 1-0

[Event "Titled Tuesday intern op 07th Dec"]
[Site "Chess.com INT"]
[Date "2021.12.07"]
[Round "1"]
[White "Harika, Dronavalli"]
[Black "Zhuravleva, Olga"]
[Result "1/2-1/2"]
[WhiteElo "2517"]
[BlackElo "2278"]
[PlyCount "143"]
[EventDate "2021.12.07"]
[EventType "swiss (blitz)"]
[EventRounds "11"]
[EventCountry "USA"]
[SourceTitle "CBM 205 Extra"]
[Source "ChessBase"]
[SourceDate "2022.01.31"]
[SourceVersion "1"]
[SourceVersionDate "2022.01.31"]
[SourceQuality "1"]

1. d4 Nf6 2. Nf3 e6 3. Bf4 b6 4. e3 Bb7 5. Nbd2 d5 6. Bd3 Bd6 7. Qe2 Nbd7 8. c3 h6 9. 0-0 0-0 10. Ne5 Ne4 11. Nxe4 dxe4 12. Bc2 Bxe5 13. dxe5 Qe7 14. Rfd1 Rfd8 15. b4 a5 16. a3 c5 17. Qg4 Kh8 18. b5 Nf8 19. Bg3 Qg5 20. Qxg5 hxg5 21. h4 gxh4 22. Bxh4 Rxd1+ 23. Rxd1 Bd5 24. Be7 Ng6 25. Bd6 Ra7 26. a4 Rd7 27. c4 Bxc4 28. Bxe4 Nxe5 29. Bc6 Rd8 30. f4 Ng4 31. e4 Bb3 32. Rd3 Bxa4 33. e5 Kg8 34. Rg3 Nh6 35. Ra3 Bc2 36. Rc3 Ba4 37. Kh2 Nf5 38. Bc7 Rd2 39. Bxb6 Nd4 40. Bxa5 Nxc6 41. Rxc5 Ra2 42. bxc6 Bxc6 43. Rxc6 Rxa5 44. Rc7 Ra3 45. g3 g6 46. Kh3 Kg7 47. Kg4 Ra4 48. Kg5 Re4 49. Rc3 Re2 50. g4 Re4 51. Rc7 Re2 52. Ra7 Rh2 53. f5 gxf5 54. gxf5 Rg2+ 55. Kh4 exf5 56. Kh5 Kf8 57. Kh4 Rg4+ 58. Kh5 Re4 59. Kg5 Rxe5 60. Kf6 Re6+ 61. Kxf5 Kg7 62. Ra8 Rf6+ 63. Ke5 Re6+ 64. Kd5 Rf6 65. Ra1 Rg6 66. Ke5 f6+ 67. Ke6 Rg5 68. Re1 Re5+ 69. Rxe5 fxe5 70. Kf5 e4 71. Kf4 e3 72. Kxe3 1/2-1/2

[Event "Titled Tuesday intern op 07th Dec"]
[Site "Chess.com INT"]
[Date "2021.12.07"]
[Round "6"]
[White "Kislinsky, Alexey"]
[Black "Zhuravleva, Olga"]
[Result "1-0"]
[WhiteElo "2351"]
[BlackElo "2278"]
[PlyCount "59"]
[EventDate "2021.12.07"]
[EventType "swiss (blitz)"]
[EventRounds "11"]
[EventCountry "USA"]
[SourceTitle "CBM 205 Extra"]
[Source "ChessBase"]
[SourceDate "2022.01.31"]
[SourceVersion "1"]
[SourceVersionDate "2022.01.31"]
[SourceQuality "1"]

1. e4 e5 2. Nc3 Nf6 3. f4 d5 4. fxe5 Nxe4 5. Qf3 f5 6. Nh3 c6 7. d3 Nxc3 8. bxc3 Be7 9. Qh5+ g6 10. Qf3 Be6 11. Nf4 Qd7 12. Rb1 b6 13. d4 0-0 14. h4 c5 15. Qg3 Bf7 16. Bb5 Qc8 17. Be3 cxd4 18. Bxd4 Nc6 19. e6 Be8 20. Bxc6 Qxc6 21. h5 g5 22. Kd2 h6 23. Ng6 Bd6 24. Qd3 Bxg6 25. hxg6 Bf4+ 26. Kd1 g4 27. g3 Bg5 28. Re1 Rfe8 29. Qe2 Re7 30. Qe5 1-0

[Event "Titled Tuesday intern op 07th Dec"]
[Site "Chess.com INT"]
[Date "2021.12.07"]
[Round "7"]
[White "Materia, Marco"]
[Black "Zhuravleva, Olga"]
[Result "1-0"]
[WhiteElo "2349"]
[BlackElo "2278"]
[PlyCount "105"]
[EventDate "2021.12.07"]
[EventType "swiss (blitz)"]
[EventRounds "11"]
[EventCountry "USA"]
[SourceTitle "CBM 205 Extra"]
[Source "ChessBase"]
[SourceDate "2022.01.31"]
[SourceVersion "1"]
[SourceVersionDate "2022.01.31"]
[SourceQuality "1"]

1. d4 Nf6 2. c4 e6 3. Nf3 b6 4. g3 Bb7 5. Bg2 Bb4+ 6. Bd2 c5 7. Bxb4 cxb4 8. 0-0 0-0 9. Nbd2 d6 10. Re1 d5 11. Qc2 Nc6 12. Rad1 Rc8 13. Qb1 Qc7 14. b3 Rfd8 15. e4 dxc4 16. Nxc4 b5 17. Ne3 Qb6 18. e5 Ne8 19. d5 exd5 20. Nxd5 Qc5 21. Ng5 g6 22. e6 f5 23. Nf7 Nd4 24. Nxd8 Bxd5 25. Qb2 Nf3+ 26. Kf1 Rxd8 27. Bxf3 Bxf3 28. Rxd8 Bc6 29. Qf6 Qf8 30. Qxf8+ Kxf8 31. Rc1 Ke7 32. Rxc6 Kxd8 33. Ra6 Nc7 34. Rxa7 Nxe6 35. Rxh7 Nd4 36. h4 Nf3 37. Ke2 Ne5 38. Rb7 Nc6 39. Ke3 Kc8 40. Rxb5 Kc7 41. h5 gxh5 42. Rxf5 Kd7 43. Rxh5 Ke7 44. f4 Nd8 45. g4 Kf6 46. Rb5 Nf7 47. Rxb4 Kg6 48. Rb6+ Kg7 49. a4 Kf8 50. a5 Ke7 51. a6 Nd8 52. a7 Ne6 53. a8Q 1-0

[Event "Titled Tuesday intern op 07th Dec"]
[Site "Chess.com INT"]
[Date "2021.12.07"]
[Round "2"]
[White "Shyam, Nikil P"]
[Black "Zhuravleva, Olga"]
[Result "1-0"]
[WhiteElo "2442"]
[BlackElo "2278"]
[PlyCount "107"]
[EventDate "2021.12.07"]
[EventType "swiss (blitz)"]
[EventRounds "11"]
[EventCountry "USA"]
[SourceTitle "CBM 205 Extra"]
[Source "ChessBase"]
[SourceDate "2022.01.31"]
[SourceVersion "1"]
[SourceVersionDate "2022.01.31"]
[SourceQuality "1"]

1. e3 g6 2. d4 Bg7 3. Nf3 d6 4. Bd3 Nc6 5. 0-0 e5 6. c3 f5 7. e4 Nf6 8. dxe5 dxe5 9. exf5 gxf5 10. Bb5 Qxd1 11. Rxd1 Ne4 12. Nbd2 Nd6 13. Bxc6+ bxc6 14. Nxe5 0-0 15. Ndf3 Bb7 16. Nd7 Rfd8 17. Nc5 Ne4 18. Rxd8+ Rxd8 19. Be3 Bc8 20. Nxe4 fxe4 21. Nd2 Bf5 22. h3 h5 23. Kf1 Rb8 24. Rb1 Be6 25. b3 Bf5 26. Rc1 Rd8 27. Ke2 Rd3 28. Nb1 Rd8 29. Rd1 Rxd1 30. Kxd1 a6 31. Kd2 Kf7 32. Na3 Ke6 33. Nc2 Kd5 34. Nb4+ Kd6 35. Nxa6 Bf6 36. Nc5 Kd5 37. a4 Be7 38. c4+ Ke5 39. a5 Bc8 40. Kc3 Bxc5 41. Bxc5 Ba6 42. Be3 Kd6 43. Kb4 Ke5 44. Kc5 Bb7 45. b4 Kf5 46. b5 cxb5 47. cxb5 Ke6 48. Bf4 Kd7 49. a6 Ba8 50. g4 hxg4 51. hxg4 Kc8 52. g5 Kd7 53. g6 c6 54. b6 1-0

[Event "Titled Tuesday intern op 07th Dec"]
[Site "Chess.com INT"]
[Date "2021.12.07"]
[Round "9"]
[White "Solon, Nathan"]
[Black "Zhuravleva, Olga"]
[Result "1/2-1/2"]
[WhiteElo "2306"]
[BlackElo "2278"]
[PlyCount "79"]
[EventDate "2021.12.07"]
[EventType "swiss (blitz)"]
[EventRounds "11"]
[EventCountry "USA"]
[SourceTitle "CBM 205 Extra"]
[Source "ChessBase"]
[SourceDate "2022.01.31"]
[SourceVersion "1"]
[SourceVersionDate "2022.01.31"]
[SourceQuality "1"]

1. d4 Nf6 2. c4 e6 3. g3 Be7 4. Bg2 0-0 5. Nf3 d6 6. 0-0 Nbd7 7. Nc3 c5 8. d5 e5 9. a3 Re8 10. b4 b6 11. e4 a6 12. h3 Qc7 13. Qb3 Bf8 14. Be3 g6 15. Nd2 Nh5 16. Qc2 Bg7 17. Na4 cxb4 18. axb4 b5 19. Nc3 bxc4 20. Rfb1 Rb8 21. Bf1 Nb6 22. Na4 Nxa4 23. Rxa4 Bd7 24. Rxa6 Bb5 25. Ra7 Rb7 26. Rba1 Rc8 27. Nb1 Rxa7 28. Rxa7 Qb8 29. Nc3 Be8 30. Qb1 Bh6 31. Qe1 Bxe3 32. Qxe3 Qxb4 33. h4 Nf6 34. Bh3 Rb8 35. Kh2 h5 36. Rc7 Rb7 37. Rc8 Rb8 38. Rc7 Rb7 39. Rc8 Rb8 40. Rc7 1/2-1/2

[Event "Titled Tuesday intern op 30th Nov"]
[Site "Chess.com INT"]
[Date "2021.11.30"]
[Round "8"]
[White "Zhuravleva, Olga"]
[Black "Reprintsev, Alexander"]
[Result "0-1"]
[WhiteElo "2278"]
[BlackElo "2353"]
[PlyCount "270"]
[EventDate "2021.11.30"]
[EventType "swiss (blitz)"]
[EventRounds "11"]
[EventCountry "USA"]
[SourceTitle "CBM 205 Extra"]
[Source "ChessBase"]
[SourceDate "2022.01.31"]
[SourceVersion "1"]
[SourceVersionDate "2022.01.31"]
[SourceQuality "1"]

1. e4 d5 2. exd5 Qxd5 3. Nc3 Qa5 4. d4 Nf6 5. Nf3 Nc6 6. Bc4 Bg4 7. h3 Qh5 8. Be3 Bxf3 9. Qxf3 Qxf3 10. gxf3 e6 11. 0-0-0 0-0-0 12. Ne4 Nd5 13. Rhg1 h6 14. Bb3 g6 15. c4 Nxe3 16. fxe3 Be7 17. a3 f5 18. Nf2 g5 19. Nd3 e5 20. d5 Na5 21. Kc2 e4 22. fxe4 fxe4 23. Ne5 Rde8 24. Rdf1 Bc5 25. Ng4 h5 26. Nf6 Bxe3 27. Nxe8 Bxg1 28. Nf6 Bd4 29. Nxe4 g4 30. hxg4 hxg4 31. Ba2 Rh2+ 32. Kd3 Bxb2 33. Nc5 Rh8 34. Ne6 Bxa3 35. Rf7 Bd6 36. Rg7 b6 37. Rxg4 Kb7 38. Nd4 Rh3+ 39. Kc2 Rh2+ 40. Kb1 a6 41. Bb3 Nxb3 42. Nxb3 Be5 43. Nd4 Bxd4 44. Rxd4 Kc8 45. Rd3 Kd7 46. Ra3 a5 47. Rb3 Kd6 48. Rf3 Rh6 49. Rf4 Kc5 50. Kc2 c6 51. dxc6 Rxc6 52. Kb3 Re6 53. Rf5+ Kc6 54. Rf4 Re3+ 55. Ka4 Re1 56. Kb3 Rb1+ 57. Kc2 Rb4 58. Kc3 Kb7 59. Rf7+ Ka6 60. Rf6 Ka7 61. Rf7+ Kb8 62. Rf8+ Kc7 63. Rf7+ Kd6 64. Rf6+ Ke5 65. Rh6 Rb1 66. Rh5+ Kd6 67. Rh6+ Kc7 68. Rh7+ Kc6 69. Rh6+ Kb7 70. Rh7+ Ka6 71. Kc2 Rg1 72. Kc3 Rg3+ 73. Kb2 Rg5 74. Kb3 Rc5 75. Kc3 b5 76. Rh6+ Kb7 77. Rh7+ Kc8 78. Rh8+ Kd7 79. Rh7+ Ke6 80. Rh6+ Kf7 81. Ra6 Rxc4+ 82. Kb3 a4+ 83. Ka3 Ke7 84. Rb6 Rc5 85. Kb4 Rg5 86. Ra6 Kd7 87. Rh6 Kc7 88. Rf6 Rd5 89. Rh6 Rd6 90. Rh5 Rb6 91. Rh7+ Kc6 92. Rh6+ Kb7 93. Rh7+ Ka6 94. Rh8 Rc6 95. Ra8+ Kb7 96. Rh8 Kb6 97. Rh7 Rc4+ 98. Ka3 Ka5 99. Ra7+ Kb6 100. Rh7 Re4 101. Rh6+ Ka5 102. Rh8 Re3+ 103. Kb2 Rd3 104. Rh5 Rd4 105. Kc3 Rg4 106. Kb2 Kb4 107. Ka2 Rg2+ 108. Kb1 Rd2 109. Kc1 Rd3 110. Kc2 Rg3 111. Kb2 Rg2+ 112. Kb1 a3 113. Ka1 Ka4 114. Rh4+ b4 115. Kb1 Rg1+ 116. Ka2 Rg2+ 117. Kb1 Re2 118. Rg4 Kb3 119. Rg3+ Kc4 120. Rg4+ Kc3 121. Rg3+ Kc4 122. Rg4+ Kb5 123. Rg5+ Ka4 124. Rg4 Rd2 125. Rh4 Kb3 126. Rh3+ Kc4 127. Rh4+ Kc3 128. Rh3+ Rd3 129. Rh2 b3 130. Rh1 Rd4 131. Rc1+ Kb4 132. Rf1 Rc4 133. Re1 a2+ 134. Ka1 Ka3 135. Rd1 b2# 0-1

[Event "Titled Tuesday intern op 23rd Nov"]
[Site "Chess.com INT"]
[Date "2021.11.23"]
[Round "8"]
[White "Goryachkina, Aleksandra"]
[Black "Zhuravleva, Olga"]
[Result "1-0"]
[WhiteElo "2604"]
[BlackElo "2278"]
[PlyCount "67"]
[EventDate "2021.11.23"]
[EventType "swiss (blitz)"]
[EventRounds "11"]
[EventCountry "USA"]
[SourceTitle "CBM 205 Extra"]
[Source "ChessBase"]
[SourceDate "2022.01.31"]
[SourceVersion "1"]
[SourceVersionDate "2022.01.31"]
[SourceQuality "1"]

1. Nf3 Nf6 2. c4 e6 3. g3 b6 4. Bg2 Bb7 5. 0-0 Be7 6. b3 c5 7. Bb2 0-0 8. Nc3 d6 9. d4 cxd4 10. Qxd4 a6 11. Rfd1 Nbd7 12. Rac1 Qc7 13. Qf4 Rac8 14. g4 Nc5 15. g5 Nfe4 16. Nxe4 Nxe4 17. h4 Rfe8 18. Nh2 Nc5 19. Ng4 e5 20. Qg3 Bf8 21. Bxb7 Qxb7 22. h5 Qe4 23. Rd2 Qf5 24. Ne3 Qe6 25. f3 h6 26. Kf2 hxg5 27. Qxg5 Qh6 28. Qxh6 gxh6 29. Rg1+ Kh7 30. Nf5 Ne6 31. Nxd6 Red8 32. Ne4 Rxd2 33. Nf6+ Kh8 34. Rg8# 1-0